<?xml version="1.0" encoding="UTF-8"?>
<record
    xmlns:xsi="http://www.w3.org/2001/XMLSchema-instance"
    xsi:schemaLocation="http://www.loc.gov/MARC21/slim http://www.loc.gov/standards/marcxml/schema/MARC21slim.xsd"
    xmlns="http://www.loc.gov/MARC21/slim">

  <leader>01504nam a2200337   4500</leader>
  <controlfield tag="001">280</controlfield>
  <controlfield tag="003">OSt</controlfield>
  <controlfield tag="005">20250528074017.0</controlfield>
  <controlfield tag="008">250315b        |||||||| |||| 00| 0 eng d</controlfield>
  <datafield tag="040" ind1=" " ind2=" ">
    <subfield code="b">por</subfield>
  </datafield>
  <datafield tag="041" ind1=" " ind2=" ">
    <subfield code="h">fre</subfield>
    <subfield code="a">por</subfield>
  </datafield>
  <datafield tag="082" ind1=" " ind2=" ">
    <subfield code="a">843</subfield>
    <subfield code="b">C694v</subfield>
  </datafield>
  <datafield tag="100" ind1=" " ind2=" ">
    <subfield code="a">Colette, Gabrielle Sidonie</subfield>
    <subfield code="d">1873- 1954</subfield>
  </datafield>
  <datafield tag="240" ind1=" " ind2=" ">
    <subfield code="a">La Vagabonde</subfield>
  </datafield>
  <datafield tag="245" ind1=" " ind2=" ">
    <subfield code="a">A Vagabunda / </subfield>
    <subfield code="c">Colette, Gabrielle Sidonie ; Tradu&#xE7;&#xE3;o Juracy Daisy Marchese </subfield>
  </datafield>
  <datafield tag="250" ind1=" " ind2=" ">
    <subfield code="a">2 ed.</subfield>
  </datafield>
  <datafield tag="260" ind1=" " ind2=" ">
    <subfield code="a">S&#xE3;o Paulo </subfield>
    <subfield code="b">Abril</subfield>
    <subfield code="c">1971</subfield>
  </datafield>
  <datafield tag="300" ind1=" " ind2=" ">
    <subfield code="a">225 p.</subfield>
  </datafield>
  <datafield tag="490" ind1="1" ind2=" ">
    <subfield code="a">Os Imortais da Literatura Universal</subfield>
  </datafield>
  <datafield tag="520" ind1=" " ind2=" ">
    <subfield code="a">Romance franc&#xEA;s, escrito em 1910, descreve a vida de Renn&#xE9;e N&#xE9;r&#xE9;, uma atriz que rejeita o homem que ama para perseguir, &#xE0; sua maneira, a independ&#xEA;ncia. Ela sentia-se muito melhor nesse mundo onde n&#xE3;o se valorizava o casamento nem as institui&#xE7;&#xF5;es, mas sim a satisfa&#xE7;&#xE3;o dos sentidos e a plenitude sexual. &#xC9; um retrato colorido das casas de espet&#xE1;culos e os atores do come&#xE7;o do s&#xE9;culo 20 em Paris. Po&#xE9;tico e objetivo, o livro &#xE9; um incentivo &#xE0;s mulheres para extrair seus desejos, realizar seus sonhos e justificar sua exist&#xEA;ncia.
</subfield>
  </datafield>
  <datafield tag="650" ind1=" " ind2="0">
    <subfield code="a">Literatura francesa</subfield>
    <subfield code="9">122</subfield>
  </datafield>
  <datafield tag="650" ind1=" " ind2="0">
    <subfield code="a">Cl&#xE1;ssicos</subfield>
    <subfield code="9">77</subfield>
  </datafield>
  <datafield tag="650" ind1=" " ind2="0">
    <subfield code="a">Feminismo</subfield>
    <subfield code="9">516</subfield>
  </datafield>
  <datafield tag="650" ind1=" " ind2="0">
    <subfield code="a">Romance Psicol&#xF3;gico </subfield>
    <subfield code="9">509</subfield>
  </datafield>
  <datafield tag="650" ind1=" " ind2="0">
    <subfield code="a">Amor-pr&#xF3;prio</subfield>
    <subfield code="9">499</subfield>
  </datafield>
  <datafield tag="655" ind1=" " ind2="0">
    <subfield code="a">Romance</subfield>
    <subfield code="9">23</subfield>
  </datafield>
  <datafield tag="655" ind1=" " ind2="0">
    <subfield code="a">Fic&#xE7;&#xE3;o </subfield>
    <subfield code="9">22</subfield>
  </datafield>
  <datafield tag="700" ind1="1" ind2=" ">
    <subfield code="a">Marchese, Juracy Daisy.</subfield>
    <subfield code="e">TRADUTOR</subfield>
    <subfield code="9">517</subfield>
  </datafield>
  <datafield tag="830" ind1=" " ind2=" ">
    <subfield code="a">Os Imortais da Literatura Universal</subfield>
    <subfield code="9">461</subfield>
    <subfield code="v">vol. 12</subfield>
  </datafield>
  <datafield tag="942" ind1=" " ind2=" ">
    <subfield code="2">ddc</subfield>
    <subfield code="n">0</subfield>
    <subfield code="c">BK</subfield>
  </datafield>
  <datafield tag="952" ind1=" " ind2=" ">
    <subfield code="0">0</subfield>
    <subfield code="1">0</subfield>
    <subfield code="2">ddc</subfield>
    <subfield code="4">0</subfield>
    <subfield code="7">0</subfield>
    <subfield code="8">FIC</subfield>
    <subfield code="a">BIBIB</subfield>
    <subfield code="b">BIBIB</subfield>
    <subfield code="c">LE</subfield>
    <subfield code="d">2025-03-15</subfield>
    <subfield code="e">doa&#xE7;&#xE3;o</subfield>
    <subfield code="l">0</subfield>
    <subfield code="o">843 / C694v</subfield>
    <subfield code="p">2025-17235</subfield>
    <subfield code="r">2025-03-15 12:46:31</subfield>
    <subfield code="w">2025-03-15</subfield>
    <subfield code="y">BK</subfield>
  </datafield>
  <datafield tag="999" ind1=" " ind2=" ">
    <subfield code="c">280</subfield>
    <subfield code="d">280</subfield>
  </datafield>
</record>
